| 000 | 00743cab a2200229 4500 | ||
|---|---|---|---|
| 001 | WB3440-17 | ||
| 008 | 090401t1998 xxu||||| |||| 00| 0 eng d | ||
| 035 | _a(Sirsi) u89211 | ||
| 041 | _aeng | ||
| 245 | _aAction on coastal erosion | ||
| 260 | _c1998 | ||
| 350 | _a0 | ||
| 490 |
_aContract Journal _v396(6198) 21 October 1998, 6(1) |
||
| 520 | _aLocal authorities in coastal areas are calling for a nationally co-ordinated approach to tackling the problem of rising sea levels and the resulting coastal erosion. | ||
| 650 | _aCOASTAL EROSION | ||
| 650 | _aENVIRONMENTAL CHANGE | ||
| 650 | _aLOCAL AUTHORITIES | ||
| 650 | _aRISING SEA LEVELS | ||
| 690 | _aENVIRONMENTAL AND LAND CONSULTANCY | ||
| 942 | _n0 | ||
| 948 | _c22/10/1998 | ||
| 999 |
_c56422 _d56422 |
||